Southville International School and Colleges
Your cart is empty.
  • Cart
  • Lists
    Public lists Eva Luna New books Lux_list list_1
    Your lists Log in to create your own lists
  • Log in to your account
  • Your cookies
  • Search history
Southville International School and Colleges
  • Advanced search
  • Recent comments
  • Most popular
  • Libraries

Log in to your account

Log in with GOOGLE


If you do not have an external account, but do have a local account, you can still log in:

  1. Home
  2. MARC view: Dosage calculations/.
Normal view MARC view ISBD view

Dosage calculations/. (Record no. 20753)

[ view plain ]
MARC details
000 -LEADER
fixed length control field 00599nam a2200193 a 4500
005 - DATE AND TIME OF LATEST TRANSACTION
control field 20140310183249.0
008 - FIXED-LENGTH DATA ELEMENTS--GENERAL INFORMATION
fixed length control field 041020s19uu xx 00 eng d
050 ## - LIBRARY OF CONGRESS CALL NUMBER
Classification number RS 57
Item number .P53 2004
100 ## - MAIN ENTRY--PERSONAL NAME
Personal name Pickar, Gloria D.
245 ## - TITLE STATEMENT
Title Dosage calculations/.
250 ## - EDITION STATEMENT
Edition statement 7th ed.
300 ## - PHYSICAL DESCRIPTION
Extent 552 p. :
Other physical details col. ill. ;
Dimensions 28 cm.
521 ## - TARGET AUDIENCE NOTE
Target audience note
650 ## - SUBJECT ADDED ENTRY--TOPICAL TERM
Topical term or geographic name as entry element Pharmaceutical arithmetic
General subdivision Examinations, questions, etc.
650 ## - SUBJECT ADDED ENTRY--TOPICAL TERM
Topical term or geographic name as entry element Nursing
General subdivision Mathematics
-- Examinations,questions,etc.
650 ## - SUBJECT ADDED ENTRY--TOPICAL TERM
Topical term or geographic name as entry element Drugs
General subdivision Administration & dosage
-- Examinations and questions.
942 ## - ADDED ENTRY ELEMENTS (KOHA)
Koha item type Books
Source of classification or shelving scheme Library of Congress Classification
Call number prefix Foreign
Holdings
Withdrawn status Lost status Source of classification or shelving scheme Damaged status Home library Current library Shelving location Date acquired Total Checkouts Full call number Barcode Date last seen Date checked out Copy number Price effective from Koha item type
    Library of Congress Classification   College Library College Library General Circulation Section 01/14/2014 1 RS 57 .P53 2004 C5315 05/15/2018 12/04/2016 1 01/14/2014 Books

Dosage calculations/.

APA

Pickar G. D., .Dosage calculations. : .

Chicago

Pickar Gloria D, .Dosage calculations. : .

Harvard

Pickar G. D., .Dosage calculations. : .

MLA

Pickar Gloria D, .: . .

  • Place hold
  • Print
  • Cite
  • Add to your cart (remove)
  • Save record
    BIBTEX Dublin Core MARCXML MARC (non-Unicode/MARC-8) MARC (Unicode/UTF-8) MARC (Unicode/UTF-8, Standard) MODS (XML) RIS
  • More searches
    Search for this title in:
    Other Libraries (WorldCat) Other Databases (Google Scholar) Online Stores (Bookfinder.com) Open Library (openlibrary.org)

Exporting to Dublin Core...

SOUTHVILLE LIBRARY

Southville International School and Colleges Library

1281 Tropical Ave. Cor. Luxembourg St., BF Homes International, Las Pinas City

Tel. No. 8256374 / 252358 Loc. 117/146

Powered by Koha